| 000 | 00848nam a2200241 i 4500 | ||
|---|---|---|---|
| 001 | bg | ||
| 100 | 1 | _aSMOLAREK, Leszek | |
| 245 | 0 | 0 |
_aZbiór zadań z równań różniczkowych zwyczajnych z zastosowaniem do obliczania układów elektrycznych / _cLeszek Smolarek ; [Wyższa Szkoła Morska - Gdynia. Wydział Elektryczny]. |
| 260 |
_aGdynia : _bWSM, _c2000. |
||
| 300 |
_a125 s. ; _c21 cm. |
||
| 504 | _aBibliogr. s. 125. | ||
| 650 | 9 | _aRównania różniczkowe | |
| 655 | _aĆwiczenia i zadania dla szkół wyższych | ||
| 710 | 0 |
_aWyższa Szkoła Morska (Gdynia) _bWydział Elektryczny |
|
| 020 | _a838787521X | ||
| 040 | _cBPK | ||
| 041 | 0 | _apl | |
| 080 | _a517.9(076) | ||
| 920 | _a83-87875-21-X | ||
| 942 | _cKS | ||
| 008 | s pl f |000 0 pol | ||
| 999 |
_c39155 _d39155 |
||
| 856 |
_uhttp://koha.tu.koszalin.pl/cgi-bin/koha/opac-detail.pl?biblionumber=39155 _yKatalog online BPK |
||